| 000 | 00446 a2200157 4500 | ||
|---|---|---|---|
| 999 |
_c5780 _d5780 |
||
| 020 | _a0712104968 | ||
| 050 | _aQA 402 WOO 1986 | ||
| 100 | _eauthor | ||
| 245 |
_aSystem analysis and design _cEmile Woolf, Suresh Tanna & Karam Singh , series editors |
||
| 264 |
_aLondon : _bPitman Publishing _c1986 |
||
| 300 |
_a416p. _bill. |
||
| 500 | _aIncludes index | ||
| 650 | _aSystem design | ||
| 650 | _aSystem analysis | ||
| 942 |
_2lcc _cBK _h402 _iWOO _kQA |
||